500 Marvel Characters Given Their Name - Statistics

General Stats
  • This quiz has been taken 63 times
    33 since last reset
  • The average score is 141 of 500
Answer Stats
Name Alias % Correct
Elektra Natchios Daredevil (Elektra)
81%
Jen Walters She-Hulk
81%
James Rhodes War Machine
71%
Steve Rogers Captain America (Rogers)
67%
Sam Wilson Captain America (Wilson)
67%
Tony Stark Iron Man
67%
Pietro Maximoff Quicksilver
67%
Wanda Maximoff Scarlet Witch
67%
Hank McCoy Beast
62%
T'Challa Black Panther
62%
Natalia Romanova Black Widow
62%
Carol Danvers Captain Marvel (Danvers)
62%
Scott Summers Cyclops
62%
Matt Murdock Daredevil (Matt)
62%
Wade Wilson Deadpool (Wade)
62%
Otto Octavius Dr Octopus
62%
Johnny Blaze Ghost Rider (Blaze)
62%
Gwen Stacy Ghost-Spider
62%
Hank Pym Giant-Man
62%
Norman Osborn Gold Goblin
62%
Clint Barton Hawkeye (Barton)
62%
Kate Bishop Hawkeye (Bishop)
62%
Bruce Banner Hulk
62%
Wilson Fisk Kingpin
62%
Reed Richards Mr Fantastic
62%
Kurt Wagner Nightcrawler
62%
Charles Xavier Professor X
62%
Frank Castle Punisher
62%
Peter Porker Spider-Ham
62%
Peter Parker Spider-Man (Parker)
62%
Peter Quill Star-Lord
62%
Eddie Brock Venom
62%
Warren Worthington III Angel
57%
Scott Lang Ant-Man (Lang)
57%
Sean Cassidy Banshee
57%
Blackagar Boltagon Black Bolt
57%
Piotr Rasputin Colossus
57%
Remy LeBeau Gambit
57%
Alex Summers Havok
57%
Bobby Drake Iceman
57%
Susan Storm-Richards Invisible Woman
57%
Riri Williams Ironheart
57%
Medusalith Amaquelin Medusa
57%
Jane Foster Mighty Thor
57%
Quentin Beck Mysterio
57%
Jean Grey Phoenix
57%
Pepper Potts Rescue
57%
Kitty Pryde Shadowcat
57%
Mayday Parker Spider-Girl
57%
Miles Morales Spider-Man (Morales)
57%
Doreen Green Squirrel Girl
57%
Cassie Lang Stinger
57%
Ororo Munroe Storm
57%
Ben Grimm Thing
57%
John Walker US Agent
57%
Yelena Belova White Widow
57%
Sharon Carter Agent 13
52%
Flash Thompson Agent Anti-Venom
52%
Amadeus Cho Brawn
52%
Nathan Summers Cable
52%
Brian Braddock Captain Avalon
52%
Mar-Vell Captain Marvel (Mar-Vell)
52%
Cletus Kasady Carnage
52%
Robbie Reyes Ghost Rider (Reyes)
52%
Gwen Poole Gwenpool
52%
Johnny Storm Human Torch (Storm)
52%
Obadiah Stane Iron Monger
52%
Jessica Jones Jewel
52%
Jubilation Lee Jubilee
52%
Curt Connors Lizard
52%
Carl Lucas Luke Cage
52%
Erik Lehnsherr Magneto
52%
Dani Moonstar Mirage
52%
Marc Spector Moon Knight
52%
Raven Darkhölme Mystique
52%
Lorna Dane Polaris
52%
Aaron Davis Prowler
52%
Daisy Johnson Quake
52%
Alexei Shostakov Red Guardian
52%
Johann Shmidt Red Skull
52%
Anna Marie LeBeau Rogue
52%
Bob Reynolds Sentry
52%
Norrin Radd Silver Surfer
52%
Jessica Drew Spider-Woman (Drew)
52%
Adrian Toomes Vulture
52%
Janet van Dyne Wasp (Janet)
52%
Emma Frost White Queen
52%
Hector Ayala White Tiger (Hector)
52%
James Barnes Winter Soldier
52%
Laura Kinney Wolverine (Laura)
52%
James Howlett Wolverine (Logan)
52%
Emil Blonsky Abomination
48%
En Sabah Nur Apocalypse
48%
Dane Whitman Black Knight
48%
Fred Dukes Blob
48%
Betsy Braddock Captain Britain
48%
Tyrone Johnson Cloak
48%
Crystalia Amaquelin Crystal
48%
Tandy Bowen Dagger
48%
Maya Lopez Echo
48%
Max Dillon Electro (Dillon)
48%
Skurge Executioner
48%
Patsy Walker Hellcat
48%
Danny Rand Iron Fist
48%
Julia Carpenter Madame Web
48%
Illyana Rasputina Magik
48%
Bobbi Morse Mockingbird
48%
Kamala Khan Ms Marvel
48%
Eli Bradley Patriot (Bradley)
48%
Zebediah Killgrave Purple Man
48%
Thaddeus Ross Red Hulk
48%
Betty Ross Red She-Hulk
48%
Victor Creed Sabretooth
48%
Mac Gargan Scorpion
48%
Nico Minoru Sister Grimm
48%
Monica Rambeau Spectrum
48%
Roberto da Costa Sunspot
48%
Jacques Duquesne Swordsman
48%
Brunnhilde Valkyrie
48%
Nadia van Dyne Wasp (Nadia)
48%
Rahne Sinclair Wolfsbane
48%
Simon Williams Wonder Man
48%
Carl Creel Absorbing Man
43%
Anya Corazón Araña
43%
Lemar Hoskins Battlestar
43%
Felicia Hardy Black Cat
43%
Sebastian Shaw Black King
43%
Eric Brooks Blade
43%
Sam Guthrie Cannonball
43%
Ben Reilly Chasm
43%
Brock Rumlow Crossbones
43%
Alison Blaire Dazzler
43%
Joaquín Torres Falcon
43%
Danny Ketch Ghost Rider (Ketch)
43%
Bill Foster Goliath
43%
Jim Hammond Human Torch (Hammond)
43%
Billy Russo Jigsaw
43%
Cain Marko Juggernaut
43%
Ana Kravinoff Kraven
43%
Samuel Sterns Leader
43%
Karolina Dean Lucy in the Sky
43%
Monet St. Croix M
43%
Jamie Madrox Multiple Man
43%
St. John Allerdyce Pyro
43%
Aleksei Sytsevich Rhino
43%
Cindy Moon Silk
43%
Eros Starfox
43%
Mary MacPherran Titania
43%
Mortimer Toynbee Toad
43%
James Proudstar Warpath
43%
Anton Vanko Whiplash
43%
Billy Kaplan Wiccan
43%
Eric O'Grady Black Ant
38%
Clarice Ferguson Blink
38%
Lester Bullseye
38%
Dmitri Smerdyakov Chameleon
38%
Neena Thurman Domino
38%
Arthur Douglas Drax
38%
Rusty Collins Firefist
38%
Karl Morgenthau Flag-Smasher
38%
Galan Galactus
38%
Nathaniel Richards Kang
38%
Quentin Quire Kid Omega
38%
Genis-Vell Legacy
38%
Whitney Frost Madame Masque
38%
Ted Sallis Man-Thing
38%
Calvin Zabo Mr Hyde
38%
Richard Rider Nova (Rider)
38%
Franklin Richards Powerhouse
38%
Kaine Parker Scarlet Spider
38%
Silvija Sablinova Silver Sable
38%
Miguel O'Hara Spider-Man (2099)
38%
Pavitr Prabhakar Spider-Man (India)
38%
Greer Nelson Tigra
38%
Phineas Mason Tinkerer
38%
Jack Russell Werewolf by Night
38%
Ava Ayala White Tiger (Ava)
38%
Rachel Summers Askani
33%
Akihiro Daken
33%
Jericho Drumm Dr Voodoo
33%
Yuriko Oyama Lady Deathstrike
33%
David Haller Legion
33%
John Jameson Man-Wolf
33%
Nathaniel Essex Mr Sinister
33%
Aquaria Neptunia Namora
33%
Sam Alexander Nova (Alexander)
33%
Normie Osborn Red Goblin
33%
Julio Richter Rictor
33%
Theresa Cassidy Siryn
33%
Yo-Yo Rodriguez Slingshot
33%
Peni Parker SP//dr
33%
Hobie Brown Spider-Punk
33%
Mattie Franklin Spider-Woman (Franklin)
33%
Shiro Yoshida Sunfire
33%
Tony Masters Taskmaster
33%
John Proudstar Thunderbird (Proudstar)
33%
Ophelia Sarkissian Viper
33%
Nate Grey X-Man
33%
Aldrif Odinsdottir Angela
29%
Valeria Richards Brainstorm
29%
Vanessa Carlysle Copycat
29%
Doug Ramsey Cypher
29%
Armando Muñoz Darwin
29%
Amora Enchantress (Amora)
29%
Angelica Jones Firestar
29%
Meggan Puceanu Gloriana
29%
Madelyne Pryor Goblin Queen
29%
Herbert Wyndham High Evolutionary
29%
Teddy Altman Hulkling
29%
Paige Guthrie Husk
29%
Miles Warren Jackal
29%
Phyla-Vell Martyr
29%
Harvey Elder Mole Man
29%
Lunella Lafayette Moon Girl
29%
Karla Sofen Moonstone
29%
Frankie Raye Nova (Raye)
29%
Kwannon Psylocke
29%
Ruth Bat-Seraph Sabra
29%
Walter Langkowski Sasquatch
29%
Gabby Kinney Scout
29%
Amahl Farouk Shadow King
29%
Micheal Twoyoungmen Shaman
29%
Herman Schultz Shocker
29%
Silvio Manfredi Silvermane
29%
Kenuichio Harada Silver Samurai
29%
Tommy Shepherd Speed
29%
Johnathon Ohnn Spot
29%
Guido Carosella Strong Guy
29%
Kl'rt Super Skrull
29%
Angel Salvadore Tempest
29%
Parker Robbins The Hood
29%
Lonnie Lincoln Tombstone
29%
Philippa Sontag Arclight
24%
Hisako Ichiki Armor
24%
Jeanne-Marie Beaubier Aurora
24%
Donnie Gill Blizzard
24%
Adam Brashear Blue Marvel
24%
Tabitha Smith Boom-Boom
24%
Christopher Summers Corsair
24%
Irene Adler Destiny
24%
Rachel Leighton Diamondback
24%
Sooraya Qadir Dust
24%
Joanna Cargill Frenzy
24%
Franklin Hall Graviton
24%
Roderick Kingsley Hobgoblin
24%
Morris Bench Hydro-Man
24%
Vance Astrovik Justice
24%
Xuan Cao Manh Karma
24%
Amara Aquilla Magma
24%
Jason Wyngarde Mastermind
24%
Christopher Nord Maverick
24%
Jean-Paul Beaubier Northstar
24%
Kevin MacTaggert Proteus
24%
Eugene Judd Puck
24%
Wendell Vaughn Quasar (Vaughn)
24%
Janos Quested Riptide
24%
William Baker Sandman
24%
Karl Lykos Sauron
24%
Peter Petruski Trapster
24%
Heather McNeil-Hudson Vindicator
24%
Gabriel Summers Vulcan
24%
Angela Del Toro White Tiger (Angela)
24%
Dirk Garthwaite Wrecker
24%
Rita DeMara Yellowjacket
24%
Delroy Garrett Jr 3-D Man
19%
Lei Ling Aero (Ling)
19%
Barnell Bohusk Beak
19%
Ashley Crawford Big Bertha
19%
Selene Gallio Black Queen
19%
Roxy Washington Bling!
19%
Jonothon Starsmore Chamber
19%
Christopher Powell Darkhawk
19%
Laynia Petrovna Darkstar
19%
Katie Power Energizer
19%
Charlie Cluster-7 Fantomex
19%
Andrea von Strucker Fenris (Andrea)
19%
Andreas von Strucker Fenris (Andreas)
19%
Bonita Juarez Firebird
19%
Pyreus Kril Firelord
19%
Eric Williams Grim Reaper
19%
James Hudson Guardian
19%
Jennifer Takeda Hazmat
19%
Toni Ho Iron Patriot
19%
Kevin Plunder Ka-Zar
19%
Miguel Santos Lightning
19%
Aaron Stack Machine Man
19%
Japheth Maggott
19%
Noh-Varr Marvel Boy
19%
Jack Power Mass Master
19%
Owen Reece Molecule Man
19%
Heather Douglas Moondragon
19%
Kevin Sydney Morph
19%
TJ Wagner Nocturne
19%
Jack Monroe Nomad
19%
Arkady Rossovich Omega Red
19%
Karima Shapandar Omega Sentinel
19%
Megan Gwynn Pixie
19%
Molly Hayes Princess Powerful
19%
David Alleyne Prodigy
19%
Chen Lu Radioactive Man
19%
Seth Voelker Sidewinder
19%
Sinthea Shmidt Sin
19%
Melissa Gold Songbird
19%
Robbie Baldwin Speedball
19%
Rita Wayword Spiral
19%
Everett Thomas Synch
19%
Elizabeth Twoyoungmen Talisman
19%
Eric Masterson Thunderstrike
19%
Joseph Chapman Union Jack
19%
Kyle Gibney Wild Child
19%
Vic Borkowski Anole
14%
Erik Josten Atlas
14%
Dominikos Petrakis Avalanche
14%
Jesse Aaronson Bedlam
14%
Tanya Sealy Black Mamba
14%
Yabbat Ummon Tarru Black Swan
14%
Ruth Aldine Blindfold
14%
Fred Myers Boomerang
14%
Henry Camp Bulldozer
14%
Quincy McIver Bushmaster
14%
Layla Miller Butterfly
14%
Abby Boylen Cloud 9
14%
Frank Payne Constrictor
14%
James Bradley Dr Nemesis
14%
Francine Frye Electro (Frye)
14%
Joshua Foley Elixir
14%
Manuel de la Rocha Empath
14%
Sylvie Lushton Enchantress (Sylvie)
14%
Maria Callasantos Feral
14%
Jeanne Foucault Finesse
14%
Norbert Ebersol Fixer
14%
Val Ventura Flatman
14%
Jaycen Flint
14%
Kallark Gladiator
14%
Paul Duval Grey Gargoyle
14%
Kodiak Noatak Harpoon
14%
Julian Keller Hellion
14%
Marcus Milton Hyperion
14%
Jay Guthrie Icarus
14%
Dante Pertuz Inferno
14%
Eric Gitter Ink
14%
Mary Jane Watson Jackpot
14%
Klaus Voorhees King Cobra
14%
Regan Wyngarde Lady Mastermind
14%
Heather Cameron Lifeguard
14%
Julie Power Lightspeed
14%
Kelsey Leigh Lionheart
14%
Arthur Parks Living Laser
14%
Eden Fesi Manifold
14%
Brandt Mantis
14%
Sarah Rushman Marrow
14%
Ben Hammil Match
14%
Brigid O'Reilly Mayhem
14%
Cessily Kincaid Mercury
14%
Ken Mack Mettle
14%
Madeline Joyce Miss America
14%
Kyle Richmond Nighthawk
14%
Adam Blackveil Nightmask
14%
Dwayne Taylor Night Thrasher
14%
Brian Calusky Piledriver
14%
Víctor Álvarez Power Man
14%
Elvin Haliday Rage
14%
Kareem Red Dagger
14%
Santo Vaccarro Rockslide
14%
Tessa Sage
14%
Gaveedra-Seven Shatterstar
14%
Janelle Chord Silhouette
14%
Angelo Espinosa Skin
14%
Izzy Kane Smasher
14%
Narya Snowbird
14%
James Sanders Speed Demon
14%
Jacqueline Falsworth Spitfire
14%
Kevin Connor Starbrand
14%
Walter Newell Stingray
14%
Deidre Wentworth Superia
14%
Lin Lie Sword Master
14%
Eliot Franklin Thunderball
14%
Neal Shaara Thunderbird (Shaara)
14%
Todd Arliss Tiger Shark
14%
Thomas Raymond Toro
14%
June Covington Toxie Doxie
14%
Matthew Hawk Two-Gun Kid
14%
Madeline Berry Veil
14%
Ava'Dara Naganandini Warbird
14%
David Cannon Whirlwind
14%
Robert Frank Whizzer
14%
Yuri Watanabe Wraith
14%
Alex Power Zero-G
14%
Melody Guthrie Aero (Guthrie)
10%
Ramone Watts Alloy
10%
Janice Lincoln Beetle
10%
Brielle Brooks Bloodline
10%
Madison Jeffries Box
10%
Emilio Gallardo Cadet Marvel
10%
Martha Johansson Cerebella
10%
Cal'syee Neramani Deathbird
10%
Deborah Fields Debrii
10%
Marius St. Croix Emplate
10%
Bennet du Paris Exodus
10%
Johnny Watts Fuse
10%
Nehzno Abidemi Gentle
10%
Seol Hee Luna Snow
10%
Kara Killgrave Persuasion
10%
Avril Kincaid Quasar (Kincaid)
10%
Marshall Stone III Random
10%
Ashley Barton Spider-Woman (Barton)
10%
Ripley Ryan Star
10%
Nori Ashida Surge
10%
Emily Guerrero Synapse
10%
Idie Okonkwo Temper
10%
Heather Tucker Tempo
10%
Hope Abbott Trance
10%
Edith Sawyer U-Go Girl
10%
Pearl Pangan Wave
10%
Ami Han White Fox
10%
Sofía Mantenga Wind Dancer
10%
Cleopatra Nefertiti Asp
5%
Alex Luna Axo
5%
Sam Chung Blindspot
5%
Lana Baumgartner Bombshell
5%
Trista Marshall Bronze
5%
Buck Cashman Bullet
5%
Becca Simon-Pinette Calico
5%
Aaron Fischer Captain America (Fischer)
5%
Alisa Tager Cipher
5%
Jimaine Szardos Daytripper
5%
Ellie Camacho Deadpool (Ellie)
5%
Hotoru Deathdream
5%
Fabio Medina Egg
5%
Juliet Marcos Elementary
5%
Shela Sexton Escapade
5%
Trevor Hawkins Eye Boy
5%
Isabella Alvarez Fantasma
5%
Carmen Cruz Feint
5%
Leiko Tanaka Go-Go Tomago
5%
Tomi Shishido Gorgon
5%
Jade Jackson Gust
5%
Janine Godbe Hallows’ Eve
5%
Sandra Santos Hightail
5%
Aiko Miyazaki Honey Lemon
5%
María Aracely Penalba Hummingbird
5%
Yehya Badr Hunter’s Moon
5%
Paras Gavaskar Indra
5%
Xiaoyi Chen Iso
5%
Sofia Yong Jitter
5%
Hallie Takahama Jolt
5%
Kubark Kid Gladiator
5%
Justin Jin Kid Juggernaut
5%
Carolyn Trainer Lady Octopus
5%
Miranda Monteiro Liberty
5%
Alani Ryan Loa
5%
Thao Tran Melee
5%
Liz Allan Misery
5%
Jamie Braddock Monarch
5%
Jaren Johnson Moon Squire
5%
Arlette Truffaut Murmur
5%
Linda Carter Night Nurse
5%
Sybil Oracle
5%
Inez Temple Outlaw
5%
Hector Bautista Overtime
5%
Rayshaun Lucas Patriot (Lucas)
5%
Qureshi Gupta Pinpoint
5%
Aikku Jokinen Pod
5%
Zarda Shelton Power Princess
5%
Teon Macik Primal
5%
Gordon Fraley Puff Adder
5%
Raneem Rashad Rabble
5%
Carl Aalston Rain Boy
5%
Valentin Correa Ransom
5%
Fernanda Rodriguez Red Locust
5%
Gloria Muñoz Risque
5%
Jennifer Stavros Roulette
5%
Elaine Coll Scorpia
5%
Kim II Sung Scrambler
5%
Iara dos Santos Shark-Girl
5%
Sally Blevins Skids
5%
Amka Aliyak Snowguard
5%
Dallas Gibson Specter
5%
Bailey Briggs Spider-Boy
5%
Margo Kess Spider-Byte
5%
Tiana Toomes Starling
5%
Charlotte Webber Sun-Spider
5%
Suzanne Chan Sway
5%
Brian Cruz Tag
5%
Marie-Ange Colbert Tarot
5%
Eva Bell Tempus
5%
Laurie Tromette Transonic
5%
Christopher Muse Triage
5%
Shilpa Khatri Trinary
5%
Suzy Sherman Ultragirl
5%
Gabriel Cohuelo Velocidad
5%
Zora Vukovic Victorious
5%
Marsha Rosenberg Volcana
5%
Laurie Collins Wallflower
5%
Lynda Locke Web-Head
5%
Cooper Coen Web-Weaver
5%
Lorina Dodson White Rabbit
5%
Kevin Ford Wither
5%
Takeshi Matsuya Wiz Kid
5%
Kenji Uedo Zero
5%
No matching quizzes found
Score Distribution
Percent of People with Each Score
Percentile by Number Answered
Your Score History
You have not taken this quiz since the last reset